00429nam a2200181Ia 4500003000400000005001700004008004100021020001800062040000700080041000800087082001300095100001500108245004500123260004000168300000900208650001400217700001600231OSt20250813120746.0250729s2004 xx 000 0 und d a9788183240123 cAL aeng a370 SHUL aSharma S K aEncyclopedia of higher education Vol - I aNew DelhibSumith Enterprisesc2004 a184p aEducation aSharma Usha